书目信息 |
| 题名: |
中学体育教师教学指导手册
|
|
| 作者: | 杨铁黎 , 谢军 主编 | |
| 分册: | 专职 | |
| 出版信息: | 北京 北京体育大学出版社 2017 |
|
| 页数: | 399页 | |
| 开本: | 24cm | |
| 丛书名: | ||
| 单 册: | ||
| 中图分类: | G633.963 | |
| 科图分类: | ||
| 主题词: | 体育课--中学--教学参考资料 | |
| 电子资源: | ||
| ISBN: | 978-7-5644-2410-7 | |
| 000 | 00698nam0 2200229 450 | |
| 001 | 4041 | |
| 005 | 20180527213237.09 | |
| 010 | @a978-7-5644-2410-7@dCNY75.00 | |
| 100 | @a20171222d2017 em y0chiy50 ea | |
| 101 | 0 | @achi |
| 102 | @aCN@b110000 | |
| 105 | @aak z 000yy | |
| 200 | 1 | @a中学体育教师教学指导手册@9zhong xue ti yu jiao shi jiao xue zhi dao shou ce@i专职@f杨铁黎,谢军主编 |
| 210 | @a北京@c北京体育大学出版社@d2017 | |
| 215 | @a399页@c图@d24cm | |
| 517 | 1 | @a专职@9zhuan zhi |
| 606 | 0 | @a体育课@x中学@j教学参考资料 |
| 690 | @aG633.963@v5 | |
| 701 | 0 | @a杨铁黎@9yang tie li@4主编 |
| 701 | 0 | @a谢军@9xie jun@4主编 |
| 801 | 0 | @aCN@b91MARC@c20171222 |
| 905 | @aMuseLib@dG633.963@e136 | |
| 中学体育教师教学指导手册.专职/杨铁黎,谢军主编.-北京:北京体育大学出版社,2017 |
| 399页:图;24cm |
| ISBN 978-7-5644-2410-7:CNY75.00 |
| ● |
| 相关链接 |
|
|
|
|
正题名:中学体育教师教学指导手册
索取号:G633.963/136
 
预约/预借
| 序号 | 登录号 | 条形码 | 馆藏地/架位号 | 状态 | 备注 |
| 1 | 1111658 | 211116585 | 第一样本阅览室/ [索取号:G633.963/136] | 在馆 | |
| 2 | 1111659 | 211116594 | 教育系资料室/ [索取号:G633.963/136] | 在馆 | |
| 3 | 1111660 | 211116601 | 教育系资料室/ [索取号:G633.963/136] | 在馆 | |
| 4 | 1111661 | 211116610 | 第四借阅区/ [索取号:G633.963/136] | 在馆 |